00488nam a2200193 a 4500001001300000003000900013005001700022008004100039020001200080082001300092100002200105245004300127260003500170300000900205500003500214505001000249650001300259700002200272nice12345678IN_TiNIC20260116011910.0050524s1962 illa grp 000 0 eng  ac87.7500a227bTAY aTaylor, Kenneth N aLiving Lettersb Paraphrased Epistles. aIllinoisbTyndale House c1962 a334p aincludes index and biblioraphy2 aIndex aEpistles1 aTaylor, Kenneth N